Antecedentes sobre producción frutícola y vitícola de la Región del Libertados General Bernardo O´Higgins

שמור ב:
מידע ביבליוגרפי
Main Authors: Cazanga Solar, Rodrigo (Author), Leiva Madrid, Carolina (Author)
מחבר תאגידי: Centro de Información de Recursos Naturales (Author)
פורמט: ספר
שפה:ספרדית
יצא לאור: Santiago Publicaciones CIREN 2011
מהדורה:1a. ed
נושאים:
תגים: הוספת תג
אין תגיות, היה/י הראשונ/ה לתייג את הרשומה!

MARC

LEADER 00000cam a2200000 a 4500
001 UCE3227
003 CL-VaPUC
008 140821e20110000cl |||||||||||||||||spa|d
020 |a 9789567153886 
082 0 4 |a 634.04  |b CAZ  |2 21 
100 0 |a Cazanga Solar, Rodrigo  |e author  |9 575750 
700 0 |a Leiva Madrid, Carolina  |e author  |9 575751 
110 2 |a Centro de Información de Recursos Naturales  |e author  |9 575752 
245 1 0 |a Antecedentes sobre producción frutícola y vitícola de la Región del Libertados General Bernardo O´Higgins 
250 |a 1a. ed 
300 |a 61 p 
942 |c BK 
945 |d 20140821 14:35:00  |a arojas 
260 |a Santiago  |b Publicaciones CIREN  |c 2011 
650 0 |a Fruticultura  |9 259678 
650 0 |a Vinicultura  |9 319502 
650 0 |a Producción frutícola  |9 404937 
650 0 |a Producción vitivinícola   |9 530493 
651 7 |a REGION DEL LIBERTADOR GENERAL BERNARDO O'HIGGINS  |2 CL-VaPUC  |9 489190 
583 |a last modification  |c 20140821 14:35:00  |k Rodrigo Vera 
999 |c 356650  |d 356648 
952 |0 0  |1 0  |3 erb  |4 0  |6 634_040000000000000_CAZ_2011  |7 0  |8 A  |9 464108  |a BIBAGR  |b BIBAGR  |i 509609K  |o 634.04 CAZ 2011  |p 509609K  |r 2025-01-20  |w 2019-11-23  |y BK  |z Catalogado en:20140821  |k AGR